Đại Việt sử ký toàn thư

Guardat en:
Dades bibliogràfiques
Format: Llibre
Publicat: H. Nxb. Khoa học xã hội 1993
Etiquetes: Afegir etiqueta
Sense etiquetes, Sigues el primer a etiquetar aquest registre!
Thư viện lưu trữ: Mạng thư viện Đại học Đà Nẵng
LEADER 00616nam a2200205 4500
001 000013862
003 10209
005 20150812150832.0
008 120323s1993 sd
245 0 0 |a Đại Việt sử ký toàn thư 
260 |a H.  |b Nxb. Khoa học xã hội  |c 1993 
774 |a Nguyễn Kim Hưng  |d Khoa học xã hội  |d H.  |d 1982  |g T.1  |h 252tr  |t Bản kỷ tục biên (1676-1740)  |w 6155 
OWN |a LSP 
999 |a From the UDN01 
TYP |a Monograph 
TYP |a Printed language 
980 |a Mạng thư viện Đại học Đà Nẵng